000 00234nam a22000857a 4500
008 160706b xxu||||| |||| 00| 0 eng d
100 _92330
_aEastern, H
245 _aThe Life of Swami Vivekanatha
260 _aCalcutta
_bAdvaita Ashrama
_c1979
999 _c2008
_d2008